愛媛県の市町村 (2000年) - Statistics

General Stats
  • This quiz has been taken 69 times
    56 since last reset
  • The average score is 44 of 70
Answers on the Map
Answers color-coded by a green-red scale on the quiz's map according to % correct below.
 
Answer Stats
ヒント 市町村名 % Correct
松山市まつやまし
100%
今治市いまばりし
100%
宇和島市うわじまし
100%
新居浜市にいはまし
100%
西条市さいじょうし
100%
伊予市いよし
100%
伊予郡 松前町まさきちょう
100%
西宇和郡 伊方町いかたちょう
100%
東宇和郡 宇和町うわちょう
100%
大洲市おおずし
97%
八幡浜市やわたはまし
94%
川之江市かわのえし
94%
伊予三島市いよみしまし
94%
北条市ほうじょうし
94%
上浮穴郡 久万町くまちょう
92%
越智郡 大三島町おおみしまちょう
89%
伊予郡 砥部町とべちょう
89%
東予市とうよし
86%
宇摩郡 別子山村べっしやまむら
86%
喜多郡 内子町うちこちょう
83%
西宇和郡 三崎町みさきちょう
83%
温泉郡 中島町なかじまちょう
78%
北宇和郡 松野町まつのちょう
78%
宇摩郡 土居町どいちょう
69%
越智郡 伯方町はかたちょう
69%
温泉郡 重信町しげのぶちょう
69%
伊予郡 双海町ふたみちょう
67%
周桑郡 小松町こまつちょう
64%
喜多郡 長浜町ながはまちょう
64%
宇摩郡 新宮村しんぐうむら
61%
越智郡 波方町なみかたちょう
61%
南宇和郡 御荘町みしょうちょう
61%
越智郡 弓削町ゆげちょう
58%
越智郡 関前村せきぜんむら
58%
東宇和郡 野村町のむらちょう
58%
北宇和郡 津島町つしまちょう
58%
越智郡 魚島村うおしまむら
56%
喜多郡 五十崎町いかざきちょう
56%
西宇和郡 保内町ほないちょう
56%
越智郡 大西町おおにしちょう
53%
伊予郡 中山町なかやまちょう
53%
西宇和郡 三瓶町みかめちょう
53%
温泉郡 川内町かわうちちょう
50%
上浮穴郡 面河村おもごむら
50%
南宇和郡 一本松町いっぽんまつちょう
50%
周桑郡 丹原町たんばらちょう
47%
越智郡 菊間町きくまちょう
47%
喜多郡 肱川町ひじかわちょう
47%
西宇和郡 瀬戸町せとちょう
47%
南宇和郡 内海村うちうみむら
47%
南宇和郡 城辺町じょうへんちょう
47%
越智郡 宮窪町みやくぼちょう
44%
越智郡 上浦町かみうらちょう
44%
北宇和郡 吉田町よしだちょう
44%
南宇和郡 西海町にしうみちょう
44%
越智郡 玉川町たまがわちょう
42%
越智郡 吉海町よしうみちょう
42%
越智郡 生名村いきなむら
42%
越智郡 岩城村いわぎむら
42%
上浮穴郡 小田町おだちょう
42%
越智郡 朝倉村あさくらむら
39%
北宇和郡 三間町みまちょう
39%
東宇和郡 明浜町あけはまちょう
36%
北宇和郡 日吉村ひよしむら
36%
伊予郡 広田村ひろたむら
33%
東宇和郡 城川町しろかわちょう
33%
北宇和郡 広見町ひろみちょう
33%
上浮穴郡 美川村みかわむら
31%
上浮穴郡 柳谷村やなだにむら
31%
喜多郡 河辺村かわべむら
31%
No matching quizzes found
Score Distribution
Percent of People with Each Score
Percentile by Number Answered
Your Score History
You have not taken this quiz since the last reset